00252pam a2200109 a 4500020000500000041000500005082000800010100001400018245006100032260003800093300001100131 c h bSIZ aSizer, J. aAn Insight Into Management AccountinghTextual Documents aLondonbPitman Business Education a525/CB